000 00832nas a2200277 4500
001 BR9508962
003 BR-BrBNA
005 20231205095515.0
007 ta
008 230509b bl.|||p| |||| 00| 00por d
040 _aBR-BrBNA
_bpor
_cBiblioteca Nacional de Agricultura
041 _a(Pt)
072 _aL73
100 1 _aLaus, J.L.
100 1 _aNogueira, T.M.R.
100 1 _aNunes, N.
100 1 _aSouza, M.S.B. de
100 1 _aMorales, A.
245 1 _aCeratite ulcerativa em roedor silvestre (Agouti paca)
650 _aPaca
650 _aCeratite
650 _aUlcera
773 0 _tRevista da Faculdade de Medicina Veterinaria e Zootecnia da Universidade de Sao Paulo (Brazil)
_xISSN 0303-7525
_g(1994), v. 31(3-4) p. 261-266
_wBR9508962
909 _a202311
_bLúcia
_c55
_dLúcia Elande
942 _2AGRIS
_n0
_cANA
999 _c151106
_d151106